Statistiques concernant Doctor Who (Moyen 1)

Cliquez ici pour prendre le quiz!

Statistiques générales

  • Ce quiz a été pris 223 fois
  • Le résultat moyen est 6 sur 15

Statistiques - réponses

QuestionsRéponses% Correct
Chien bionique, ami d'un des compagnons du Doctor.K9
78%
Quel est le point faible d'un santarien ?Sa nuque
64%
Par quel adjectif le Doctor appelle-t-il le TARDIS ?Sexy
61%
Dans quel jeu télévisé Rose apparaît-elle dans "Le grand méchant loup" ?Le maillon faible
60%
A quel scénariste doit-on notamment le personnage de River Song ?Steven Moffat
60%
Quelle est l'anagramme de "Doctor Who" ?Torchwood
54%
Synonyme de "chut!" quand on ne les regarde plus.Le Silence
49%
Quelle phrase les différentes Clara répètent-elles toujours au Doctor ?Courrez espèce de petit malin, et souvenez-vous de moi.
48%
Qui vient chercher le Prisonnier Zéro ?Les Atraxis
36%
Dans quelle ville du far-west le TARDIS attérit-il par accident ?Mercy ou la ville de la Miséricorde
34%
Quels sont les derniers mots du 12ème Doctor avant sa régénération ?Docteur je te laisse partir.
32%
Dans la Saison 8, dans quel épisode apparaît un T-Rex et dans lequel on retient également son souffle ?En apnée
32%
Selon River Song, que doit faire le Doctor pour que le TARDIS attérisse sans faire de bruit ?Desserrer les freins
12%
Où le Doctor travaille-t-il lorsqu'il rencontre Bill Potts ?Université de Bristol
5%
Dans l'épisode "L'éternité devant soi", quel numéro est inscrit dans le ciel ?507
4%

Distribution des résultats

Percentile par nombre de réponses

% des personnes avec chaque résultat

Votre développement - résultats

Vous n’avez pas pris ce quiz